Statistiques concernant Les plus gros partenaires commerciaux - Italie

Cliquez ici pour prendre le quiz!

Statistiques générales

  • Ce quiz a été pris 199 fois
  • Le résultat moyen est 15 sur 18

Statistiques - réponses

exportationsimportationspays% Correct
48,61 md36,02 mdFrance
100%
58,33 md65,79 mdAllemagne
99%
23,20 md21,62 mdEspagne
98%
40,87 md15,40 mdEtats-Unis
98%
18,66 md30,19 mdChine
97%
24,87 md12,17 mdRoyaume-Uni
97%
21,08 md11,73 mdSuisse
97%
7,44 md11,75 mdRussie
93%
10,76 md22,31 mdPays-Bas
92%
9,70 md9,19 mdAutriche
89%
6,68 mdJapon
89%
14,94 md19,70 mdBelgique
88%
10,62 md8,27 mdTurquie
85%
12,43 md9,66 mdPologne
82%
7,05 mdTchequie
71%
5,07 mdHongrie
65%
7,31 md6,91 mdRoumanie
60%
5,99 mdÉmirats arabes unis
36%

Distribution des résultats

Percentile par nombre de réponses

% des personnes avec chaque résultat

Votre développement - résultats

Vous n’avez pas pris ce quiz